Program celkovej krásy a telesnej zdatnosti /

Saved in:
Bibliographic Details
Main Author: Welchová, Raquel (Author)
Other Authors: Weinfeld, André (xxx)
Format: Book
Language:Slovak
Published: Martin : Osveta, 1991
Tags: Add Tag
No Tags, Be the first to tag this record!

MARC

LEADER 00000nam a22000003a 4500
001 stu31139
005 20150617225736.6
008 930428s1991----xo------------------slo-d
020 |a 80 217 0302 4 
040 |a STU  |b slo 
041 0 |a slo 
044 |a xo 
080 |a 796 
100 1 |a Welchová, Raquel  |4 aut 
245 1 |a Program celkovej krásy a telesnej zdatnosti /  |c [aut.] Welchová,Raquel; Weinfeld,André,Fotogtrafie 
260 |a Martin :  |b Osveta,  |c 1991 
300 |a 264 s 
700 1 |a Weinfeld, André  |4 xxx 
996 |b J89621  |c J*89621  |l JJK20  |s P  |a 0  |w stu31139_0001